Normal view
MARC view
Entry Personal Name
001 - CONTROL NUMBER
- control field: 31051
003 - CONTROL NUMBER IDENTIFIER
- control field: ARRUPE
005 - DATE AND TIME OF LATEST TRANSACTION
- control field: 20170524124940.0
008 - FIXED-LENGTH DATA ELEMENTS
- fixed length control field: 170524|| aca||aabn | a|a d
040 ## - CATALOGING SOURCE
- Original cataloging agency: ARRUPE
- Transcribing agency: ARRUPE
100 ## - HEADING--PERSONAL NAME
- Personal name: Phillipson, David W
670 ## - SOURCE DATA FOUND
- Source citation: Work cat.: (ARRUPE)13276: Phillipson, David W, African archaeology, 1985